Reflexiones para la definición de un nuevo modelo de Servicio Público de Empleo /
ISBN:
84-7794-842-9
Publicado:
[Barcelona] :
Diputació de Barcelona, Xarxa de Municipis, Àrea de Promoció Econòmica i Ocupació ,
2002
Descripción Física:
51 p. ; 30 cm
Colección:
Quaderns de foment de l'ocupació.
; 2
Idioma:
Español
MARC
| LEADER | 00000nam a2200000Ia 4500 | ||
|---|---|---|---|
| 001 | 13643 | ||
| 003 | Arxiu | ||
| 005 | 20260324175405.0 | ||
| 008 | 160829s2002 spc xx s spa c | ||
| 020 | |a 84-7794-842-9 | ||
| 040 | |a AGDB | ||
| 080 | |a M-4-17 | ||
| 245 | 0 | 0 | |a Reflexiones para la definición de un nuevo modelo de Servicio Público de Empleo / |c Comisión Local de Intermediación |
| 250 | |a Ed. en castellano | ||
| 260 | |a [Barcelona] : |b Diputació de Barcelona, Xarxa de Municipis, Àrea de Promoció Econòmica i Ocupació, |c cop. 2002 | ||
| 300 | |a 51 p. ; |c 30 cm | ||
| 490 | 1 | |a Cuadernos de fomento del empleo ; |v 2 | |
| 590 | |a Existeix una edició en català | ||
| 650 | |a Catalunya. Servei Públic d'Ocupació |9 30746 | ||
| 650 | |a Ocupació |x Catalunya |9 30747 | ||
| 650 | 0 | |a Política d'ocupació |9 7017 | |
| 710 | 1 | |a Barcelona (Catalunya : Província). |b Diputació |9 52408 | |
| 830 | 0 | |9 55982 |a Quaderns de foment de l'ocupació. |l Castellà |v 2 | |
| 901 | |a Arxiu | ||
| 942 | |n 1 |2 udc |c ARXIU | ||
| 952 | |0 0 |1 0 |4 0 |6 M417 |7 1 |9 45507 |a Arxiu |b Arxiu |d 2016-12-01 |l 0 |o M-4-17 |p 13643 |r 2016-12-01 00:00:00 |w 2016-12-01 |y ARXIU | ||
| 999 | |c 48672 |d 48672 | ||